[Event "Novi Sad ol (Men)"]
[Site "Novi Sad"]
[Date "1990.??.??"]
[Round "9"]
[White "Adianto, Utut"]
[Black "Yilmaz, Turham"]
[Result "1-0"]
[WhiteElo "2495"]
[BlackElo "2370"]

1.d4 f5 2.c4 Nf6 3.Nf3 g6 4.g3 Bg7 5.Bg2 O-O 6.O-O d6 7.Nc3 c6 8.d5 e5 9.dxe6 Bxe6
10.Qd3 Na6 11.Bf4 Qa5 12.Ng5 Rfe8 13.Rad1 Rad8 14.a3 Ng4 15.Nxe6 Rxe6 16.h3 Ne5
17.Qc2 Rde8 18.e4 Qc5 19.exf5 gxf5 20.Be3 Qxc4 21.Qxf5 Qb3 22.Ne4 Nf7 23.Bd4 d5
24.Rd3 Qc4 25.b3 Qb5 26.Nc3 Qa5 27.Nxd5 Ne5 28.Be4 cxd5 29.Qxh7+ Kf8 30.Bxe5 Bxe5
31.Bg6 Qc7 32.Rf3+ Bf6 33.Qh8+ Ke7 34.Qxe8+ Kd6 35.Qf8+ Be7 36.Qf4+ Kd7 37.Bf5 Qxf4
38.Rxf4 Nc7 39.Re1 Bd6 40.Bxe6+ Nxe6 41.Rg4  1-0

[Event "Novi Sad ol (Men)"]
[Site "Novi Sad"]
[Date "1990.??.??"]
[Round "10"]
[White "Chabanon, Jean Luc"]
[Black "Markovic, Ivan"]
[Result "1/2-1/2"]
[WhiteElo "2445"]
[BlackElo "2425"]

1.d4 f5 2.g3 Nf6 3.Bg2 g6 4.Nf3 Bg7 5.O-O O-O 6.c4 d6 7.Nc3 c6 8.d5 e5 9.dxe6 Bxe6
10.Qd3 Na6 11.Ng5 Qe7 12.Bf4 Rad8 13.Rad1 Ng4 14.Nd5 Qe8 15.Nxe6 Qxe6 16.Bg5 Rd7
17.h3 Ne5 18.Qe3 Qe8 19.Nc3 Nxc4 20.Qxa7 Nxb2 21.Rc1 d5 22.Rc2 Nc4 23.Rd1 Na3
24.Rcc1 h6 25.Bd2 Qd8 26.Be1 Re8 27.Na4 Nb5 28.Qb6 Qxb6 29.Nxb6 Rde7 30.e3 d4
31.Nc4 dxe3 32.Nxe3 Kh7 33.Kh1 Nd4 34.Rb1 Ne2  1/2-1/2

[Event "Novi Sad ol (Men)"]
[Site "Novi Sad"]
[Date "1990.??.??"]
[Round "11"]
[White "Skembris, Spyridon"]
[Black "Leow Leslie M"]
[Result "1/2-1/2"]
[WhiteElo "2455"]
[BlackElo "2455"]

1.d4 f5 2.g3 Nf6 3.Bg2 g6 4.Nf3 Bg7 5.O-O O-O 6.c4 d6 7.Nc3 c6 8.Rb1 Ne4
9.Qc2 Nxc3 10.Qxc3 e5 11.dxe5 dxe5 12.e4 f4 13.b3 Qe7 14.Bb2 Bg4 15.Qa5 c5
16.Ba3 b6 17.Qd2 Rd8 18.Qe1 Nc6 19.h3 Be6 20.Rd1 fxg3 21.fxg3 Nd4 22.Bc1  1/2-1/2

[Event "Novi Sad ol (Men)"]
[Site "Novi Sad"]
[Date "1990.??.??"]
[Round "11"]
[White "Muco, Fatos"]
[Black "Yilmaz, Turham"]
[Result "1-0"]
[WhiteElo "2440"]
[BlackElo "2370"]

1.d4 f5 2.Nf3 Nf6 3.c4 g6 4.g3 Bg7 5.Bg2 O-O 6.O-O d6 7.Nc3 c6 8.d5 e5 9.dxe6 Bxe6
10.Qd3 Na6 11.Bf4 d5 12.Ng5 Nc5 13.Qc2 d4 14.Na4 Nfd7 15.Rad1 Qe7 16.Nxc5 Nxc5
17.b4 Nd7 18.e3 Nb6 19.c5 Nd5 20.Nxe6 Qxe6 21.Bd6 dxe3 22.Bxf8 e2 23.Rfe1 exd1=Q
24.Qxd1 Qf7 25.Bxg7 Kxg7 26.Bxd5 cxd5 27.Qd4+ Kg8 28.a4 a6 29.b5 axb5 30.axb5 Qd7
31.Kg2 Rd8 32.c6 bxc6 33.bxc6 Qd6 34.Rc1 Rc8 35.Rc5 Rxc6 36.Rxd5 Qf6 37.Rd8+ Kg7
38.Qa7+ Kh6 39.Rd7 g5 40.Rxh7+ Kg6 41.h4 gxh4 42.Rxh4 Qg7 43.Qa8 Rf6 44.Qe8+ Rf7
45.Rh8 Qd4 46.Rf8 Qd5+ 47.Kg1 Kf6 48.Rxf7+ Qxf7 49.Qxf7+ Kxf7 50.Kf1 Kg6
51.Ke2 Kh5 52.f3 Kg5 53.Kd3 Kf6 54.Kc4 Ke5 55.Kc5  1-0

[Event "Novi Sad ol (Men)"]
[Site "Novi Sad"]
[Date "1990.??.??"]
[Round "14"]
[White "Lodhi, Mahmood"]
[Black "Spraggett, Kevin"]
[Result "1/2-1/2"]
[WhiteElo "2405"]
[BlackElo "2540"]

1.d4 f5 2.Nf3 Nf6 3.g3 g6 4.Bg2 Bg7 5.O-O O-O 6.c4 d6 7.Nc3 Nc6 8.d5 Ne5
9.Nxe5 dxe5 10.e4 f4 11.b3 g5 12.Bb2 e6 13.Qc2 Rf7 14.Rad1 exd5 15.exd5 Bg4
16.f3 Bd7 17.gxf4 exf4 18.Ne4 Nxe4 19.Bxg7 Kxg7 20.Qxe4 Qf6 21.d6 Bc6 22.Qd4 cxd6
23.Qxd6 Re8 24.Qxf6+ Rxf6 25.Kf2 Rfe6 26.Rd2 Re3 27.b4 a6 28.Rb1 R8e5 29.Rdb2 Ra3
30.b5 axb5 31.cxb5 Bd5 32.Rd1 b6 33.Rdd2 Kg6 34.Rbc2 h6 35.Rc8 Rxa2 36.Rxa2 Bxa2
37.Rc6+ Re6 38.Bh3 Rf6 39.Bd7 Bd5 40.Rc7 Rd6 41.Bc6 Bxc6 42.Rxc6 Rf6 43.Kg2 Kf5
44.Rc8 Rd6 45.Rf8+ Kg6 46.Rc8 Re6 47.h4 Re2+ 48.Kf1 Rb2 49.Rc6+ Kh5 50.hxg5 hxg5
51.Rxb6 Kh4 52.Rg6 Rxb5 53.Kg2 Rb2+ 54.Kg1 Rd2 55.Rg8 Kg3 56.Rxg5+ Kxf3 57.Ra5 Rd1+
58.Kh2 Re1 59.Ra3+ Kf2 60.Ra4 f3 61.Ra2+ Re2 62.Ra1 Re3 63.Rb1 Rd3 64.Ra1 Rd7
65.Ra2+ Ke3 66.Ra3+ Kf4 67.Ra4+ Ke3 68.Ra3+ Rd3 69.Ra1 Kf2 70.Rb1 Rd5 71.Rb2+ Ke3
72.Rb3+ Ke2 73.Rb2+ Rd2 74.Rb1 Kf2 75.Ra1 Re2 76.Rb1 Re3 77.Ra1  1/2-1/2

[Event "Nuremberg op"]
[Site "Nuremberg"]
[Date "1990.??.??"]
[Round "3"]
[White "Zlochevskij, Alexander"]
[Black "Gupta, Milon"]
[Result "1-0"]
[WhiteElo "2425"]
[BlackElo "2225"]

1.Nf3 f5 2.g3 Nf6 3.Bg2 g6 4.O-O Bg7 5.c4 O-O 6.d4 d6 7.Nc3 Qe8 8.b3 e5 9.dxe5 dxe5
10.e4 Nc6 11.Nd5 Rf7 12.exf5 gxf5 13.Bb2 h6 14.Re1 e4 15.Nxf6+ Bxf6 16.Qd2 Be6
17.Bxf6 Rxf6 18.Qc3 Qf7 19.Nh4 Rd8 20.Rad1 Rxd1 21.Rxd1 Qg7 22.f3 exf3 23.Bxf3 Rf8
24.Qxg7+ Kxg7 25.Bxc6 bxc6 26.Ng2 a5 27.Nf4 Kf6 28.a4 Rb8 29.Rd3 Rb6 30.Kf2 c5
31.Re3 Bf7 32.Ke1 Rb8 33.Kd2 Rb6 34.Kc3 Rd6 35.Nd3 Bh5 36.Nxc5 Rd1 37.Nb7 Rh1
38.Nxa5 Rxh2 39.Nc6 Rf2 40.Kb4 Bf3 41.Kb5 h5 42.a5 Kg5 43.a6 f4 44.gxf4+ Kxf4
45.Rxf3+  1-0

[Event "URS-chT"]
[Site "Podolsk"]
[Date "1990.??.??"]
[Round "?"]
[White "Isaev, Jamshed"]
[Black "Galdunts, Sergey"]
[Result "1-0"]
[WhiteElo "2315"]
[BlackElo "2460"]

1.Nf3 f5 2.d4 Nf6 3.g3 g6 4.Bg2 Bg7 5.O-O O-O 6.c4 d6 7.Nc3 Qe8 8.Nd5 Nxd5
9.cxd5 Qb5 10.Ne1 c6 11.a4 Qa6 12.Nc2 e6 13.dxe6 Bxe6 14.d5 Bf7 15.Nb4 Qb6
16.dxc6 Nxc6 17.Nd5 Qd4 18.Be3 Qxb2 19.Rb1 Qa2 20.Rxb7 Rab8 21.Rc7 Ne5 22.Rxa7 Rb2
23.a5 h6 24.a6 Nc4 25.Bc1 Rb1 26.Qd3 Ne5 27.Qd2 Qc4 28.Rb7 Ra1 29.a7 Ra2
30.Nb6 Qa6 31.Qxd6 Qxe2 32.Qd1 Qxd1 33.Rxd1 Bb3 34.Rf1  1-0

[Event "Prague Mladi op"]
[Site "Prague"]
[Date "1990.??.??"]
[Round "5"]
[White "Temirbaev, Serik"]
[Black "Djurkovic, Maks"]
[Result "1-0"]
[WhiteElo "2390"]
[BlackElo "2265"]

1.d4 f5 2.c4 g6 3.g3 Nf6 4.Bg2 Bg7 5.Nf3 O-O 6.O-O d6 7.Nc3 Qe8 8.b3 h6 9.Ba3 g5
10.Rc1 Qh5 11.Nd5 Nxd5 12.cxd5 c6 13.dxc6 Nxc6 14.d5 Ne5 15.Rc7 Ng6 16.Nd4 f4
17.e3 Bg4 18.f3 fxg3 19.hxg3 Bxd4 20.exd4 Bh3 21.Qe2 Rf6 22.Bb4 Bxg2 23.Qxg2 g4
24.f4 Qf5 25.Re1 h5 26.Qe4 a5 27.Bd2 b6 28.Qxf5 Rxf5 29.Re6 Nf8 30.Rexe7 Rxd5
31.Kf2 b5 32.Ke3 b4 33.Ke4 Rb5 34.f5 d5+ 35.Ke5 Rb6 36.Bg5 a4 37.Bf6 Rxf6
38.Kxf6 axb3 39.axb3 Ra6+ 40.Kg5 Ra3 41.Rc8  1-0

[Event "Prague Metro-B"]
[Site "Prague"]
[Date "1990.??.??"]
[Round "7"]
[White "Vrbata, Zbynek"]
[Black "Priehoda, Vitezslav"]
[Result "1-0"]
[WhiteElo "2295"]
[BlackElo "2415"]

1.d4 f5 2.g3 g6 3.Bg2 Nf6 4.Nf3 Bg7 5.O-O O-O 6.c4 d6 7.Nc3 c6 8.Re1 Na6
9.Qb3 Kh8 10.e4 fxe4 11.Nxe4 Nxe4 12.Rxe4 e5 13.Bg5 Qa5 14.Be7 Bf5 15.Bxf8 Rxf8
16.Rh4 exd4 17.Qxb7 Bc8 18.Qe7 Qc7 19.Qxc7 Nxc7 20.Nxd4 c5 21.Nb5 Nxb5 22.cxb5 Bxb2
23.Rd1 Bd4 24.Rdxd4 cxd4 25.Rxd4 Be6 26.Bc6 Rf5 27.a4 Bb3 28.a5 Rc5 29.Rb4 Be6
30.a6 Bc8 31.b6 Bh3 32.Rb1 Rxc6 33.b7  1-0

[Event "Ptuj"]
[Site "Ptuj"]
[Date "1990.??.??"]
[Round "?"]
[White "Podvrsnik, Marko"]
[Black "Srebrnic, Vojko"]
[Result "0-1"]
[WhiteElo "2310"]
[BlackElo "2235"]

1.d4 f5 2.g3 Nf6 3.Bg2 g6 4.Nf3 Bg7 5.O-O O-O 6.c4 d6 7.d5 a5 8.Nd4 Na6 9.Nc3 Qe8
10.e4 fxe4 11.Nxe4 Nxe4 12.Bxe4 Bh3 13.Re1 Nc5 14.Bh1 Qf7 15.Be3 Rae8 16.Qd2 b6
17.Rad1 Bg4 18.f3 Bd7 19.b3 Kh8 20.f4 Bg4 21.Bf3 Bxf3 22.Nxf3 h6 23.Nh4 Bf6
24.Bd4 Kh7 25.Bxf6 exf6 26.f5 g5 27.Nf3 g4 28.Nd4 Re5 29.Nc6 Ree8 30.Nd4 Re5
31.Ne6 Re8 32.Rxe5 fxe5 33.Rf1 Ne4 34.Qe3 Nf6 35.Kg2 Re7 36.Rh1 Qh5 37.Rf1 Rf7
38.Qe2 Qh3+ 39.Kg1 Qh5 40.h4 Ne8 41.Qc2 Kg8 42.Rf2 Rf6 43.Kf1 Kf7 44.b4 axb4
45.Qa4 Kg8 46.Ke2 Qf7 47.Ke3 Ng7 48.Nxg7 Qxg7 49.Qxb4 h5 50.Ke4 Qh6 51.Qd2 Qxd2
52.Rxd2 Rf8 53.a4 Ra8 54.f6 Kf7 55.Kf5 Rxa4 56.Kg5 Rxc4 57.Rf2  0-1

[Event "Pula op"]
[Site "Pula"]
[Date "1990.??.??"]
[Round "8"]
[White "Hanko, Pavel"]
[Black "Kajnih, Danilo"]
[Result "1-0"]
[WhiteElo "2250"]
[BlackElo "2205"]

1.d4 f5 2.Nf3 Nf6 3.g3 g6 4.Bg2 Bg7 5.c4 O-O 6.O-O d6 7.Nc3 Qe8 8.d5 e5 9.dxe6 Qxe6
10.Nd5 Na6 11.Nd4 Qe8 12.Bd2 Ne4 13.e3 Nxd2 14.Qxd2 Bd7 15.Nb5 Bxb5 16.cxb5 Qxb5
17.Nc3 Bxc3 18.bxc3 Nc5 19.Rab1 Qa6 20.Bxb7 Nxb7 21.Qd5+ Rf7 22.Rxb7 Rc8
23.Rfb1 Kg7 24.Qd4+ Rf6 25.Rxa7 Qc6 26.c4 h5 27.Rb6 Qe4 28.Rxd6 Qxd4 29.Rxd4 Rc6
30.e4 fxe4 31.Rxe4 Kf6 32.Rf4+ Ke6 33.Ra3 Rc5 34.Ra6+ c6 35.Ra7 g5 36.Re4+ Kf5
37.f3 Rd8 38.Kf2 Rd2+ 39.Ke3 Rc2 40.Kd3 Rc1 41.g4+ hxg4 42.fxg4+ Kf6 43.Ra6 Rd1+
44.Kc3 Rd6 45.Ra8  1-0

[Event "Pula op"]
[Site "Pula"]
[Date "1990.??.??"]
[Round "8"]
[White "Geleta, Jovan"]
[Black "Berkovich, Mark A"]
[Result "1/2-1/2"]
[WhiteElo "2295"]
[BlackElo "2330"]

1.d4 f5 2.Nf3 Nf6 3.g3 g6 4.Bg2 Bg7 5.O-O O-O 6.c4 d6 7.Nc3 c6 8.Bf4 Nh5
9.Bg5 h6 10.Bd2 e5 11.dxe5 dxe5 12.e4 Qe8 13.exf5 gxf5 14.Re1 e4 15.Nh4 Na6
16.Qc1 Qe6 17.Na4 b5 18.cxb5 cxb5 19.Nc5 Nxc5 20.Qxc5 Bd7 21.Bxe4 fxe4 22.Qxh5 Kh7
23.Rad1 Qg4 24.Qxg4 Bxg4 25.Rc1 Rad8 26.Ba5 Rd7 27.Rxe4 Bh3 28.Re2 Rf6 29.a3 Rfd6
30.Ng2 Bg4 31.Rec2 Bf5 32.Re2 Bg4 33.Rec2 Bf5 34.Re2 Bg4 35.Rec2 Bf5 36.Rc5 Bxb2
37.Re1 Bd3 38.Bb4 Bc4 39.Nf4 Rd1 40.Rxd1 Rxd1+ 41.Kg2 Rd7 42.Rc8 Be5 43.Kf3 Rf7
44.Rf8 Kg7 45.Rxf7+ Kxf7 46.Ke4 Bxf4 47.Kxf4 Kf6 48.Bc3+ Ke6 49.Bg7 h5 50.Kg5 Be2
51.h3 Bf1 52.Kxh5 Bxh3 53.g4 a5 54.Bc3 b4 55.axb4 axb4 56.Bxb4 Kf7 57.f4 Bf1
58.f5 Be2 59.Bc3 Bd1 60.Kg5 Kg8 61.Kf4 Kh7 62.g5 Bh5 63.Ke5 Bf7 64.Kf6 Be8
65.Bd2 Kg8 66.Ke7 Bh5  1/2-1/2

[Event "Reykjavik op"]
[Site "Reykjavik"]
[Date "1990.??.??"]
[Round "4"]
[White "Thorsteins, Karl"]
[Black "Dolmatov, Sergey"]
[Result "1/2-1/2"]
[WhiteElo "2455"]
[BlackElo "2620"]

1.d4 f5 2.g3 Nf6 3.Bg2 g6 4.Nf3 Bg7 5.O-O O-O 6.c4 d6 7.Nc3 c6 8.d5 e5 9.dxe6 Bxe6
10.b3 Na6 11.Ng5 Qe7 12.Ba3 Rad8 13.Nxe6 Qxe6 14.Qc2 Nc5 15.Rad1 Nfe4 16.Nxe4 Nxe4
17.Bb2 Bxb2  1/2-1/2

[Event "Reykjavik op"]
[Site "Reykjavik"]
[Date "1990.??.??"]
[Round "6"]
[White "Polugaevsky, Lev"]
[Black "Dolmatov, Sergey"]
[Result "1/2-1/2"]
[WhiteElo "2610"]
[BlackElo "2620"]

1.d4 f5 2.Nf3 Nf6 3.g3 g6 4.Bg2 Bg7 5.O-O O-O 6.c4 d6 7.Nc3 c6 8.b3 Qa5 9.Bb2 e5
10.Qd2 Qc7 11.dxe5 dxe5 12.e4 Na6 13.exf5 Bxf5 14.Rad1 Rfe8 15.h3 Nc5 16.Qe3 Nd3
17.Ba1 Nb4 18.Ne1 h5 19.a3 Nc2 20.Nxc2 Bxc2 21.Rd2 Bxb3 22.Nb5 cxb5 23.Qxb3 bxc4
24.Qxb7 Rac8  1/2-1/2

[Event "Reykjavik op"]
[Site "Reykjavik"]
[Date "1990.??.??"]
[Round "7"]
[White "Gislason, Gudmundur"]
[Black "Becx, Cesar"]
[Result "1-0"]
[WhiteElo "2225"]
[BlackElo "2300"]

1.d4 f5 2.c4 Nf6 3.g3 g6 4.Bg2 Bg7 5.Nf3 O-O 6.O-O d6 7.Nc3 Nc6 8.d5 Na5
9.Qd3 c5 10.Ng5 Rb8 11.e4 Ng4 12.exf5 Bxf5 13.Be4 Bd4 14.Bxf5 Rxf5 15.Ne6 Qb6
16.Qe2 Ne5 17.Kg2 Bxc3 18.bxc3 Qa6 19.g4 Rf3 20.Nxc5 Qxc4 21.Qxc4 Naxc4 22.Nd7 Rc8
23.Nxe5 Nxe5 24.Be3 b6 25.a4 Rff8 26.a5 Nxg4 27.Bd4 Nf6 28.Bxf6 Rxf6 29.axb6 axb6
30.Rfe1 Rf7 31.Re3 Rc5 32.Ra8+ Kg7 33.Ra7 e5 34.Ra6 Rb7 35.Rd3 Kf6 36.Rf3+ Kg7
37.Rd3 Ra5 38.Rxa5 bxa5 39.c4 Rc7 40.Rc3 Kf6 41.Kf3 Kf5 42.Ke3 a4 43.Kd3 e4+
44.Kd4 Rb7 45.f3 exf3 46.Rxf3+ Kg4 47.Ra3 Rb2 48.Rxa4 Rxh2 49.Ra6 h5 50.Rxd6 Kf5
51.Rd8 Kf6 52.d6 h4 53.c5 Rc2 54.Rf8+ Kg7 55.Rf3 Rd2+ 56.Ke5 Re2+ 57.Kd5 Rd2+
58.Kc6 g5 59.d7 Kg6 60.Rf8 h3 61.d8=Q Rxd8 62.Rxd8  1-0

[Event "Reykjavik op"]
[Site "Reykjavik"]
[Date "1990.??.??"]
[Round "11"]
[White "Vaganian, Rafael A"]
[Black "Dolmatov, Sergey"]
[Result "1/2-1/2"]
[WhiteElo "2605"]
[BlackElo "2620"]

1.d4 f5 2.g3 Nf6 3.Bg2 g6 4.Nf3 Bg7 5.O-O O-O 6.c4 d6 7.Nc3 c6 8.d5 e5 9.dxe6 Bxe6
10.b3 Na6 11.Ng5 Qe7 12.Ba3 Rad8 13.Nxe6 Qxe6 14.Rc1 Nc5  1/2-1/2

[Event "Wch Girls U20"]
[Site "Santiago"]
[Date "1990.??.??"]
[Round "?"]
[White "Botsari Miladinovic, Anna Maria"]
[Black "Sofieva, Ainur"]
[Result "0-1"]
[WhiteElo "2255"]
[BlackElo "2370"]

1.d4 f5 2.c4 Nf6 3.g3 g6 4.Nf3 Bg7 5.Bg2 O-O 6.O-O d6 7.Nc3 c6 8.b3 a5 9.Bb2 Na6
10.a3 Qc7 11.Qc2 Kh8 12.Rfe1 e5 13.dxe5 dxe5 14.e4 f4 15.Nd5 cxd5 16.Bxe5 Qd8
17.cxd5 fxg3 18.hxg3 Bg4 19.Nd2 Rc8 20.Qd3 Nc5 21.Qe3 Re8 22.Nc4 Nfxe4 23.Qf4 Bf5
24.Bxe4 Nxe4 25.Rxe4 Bxe4 26.Qxe4 Bxe5 27.Nxe5 Qf6 28.Re1 Kg7 29.Qd4 Rcd8
30.f4 Re7 31.Rc1 Red7 32.Rc5 b6 33.Rc6 Rxd5 34.Qxb6 Qf5 35.Rc7+ Kg8 36.Qb7 Rd1+
37.Kf2 R1d2+ 38.Kf3 Qh5+ 39.Ng4 Qh1+  0-1

[Event "Sibenik op"]
[Site "Sibenik"]
[Date "1990.??.??"]
[Round "?"]
[White "Ruban, Vadim"]
[Black "Malaniuk, Vladimir P"]
[Result "1/2-1/2"]
[WhiteElo "2565"]
[BlackElo "2505"]

1.d4 f5 2.g3 Nf6 3.Bg2 g6 4.Nf3 Bg7 5.O-O O-O 6.c4 d6 7.Nc3 Qe8 8.b3 c6 9.Re1 h6
10.e4 fxe4 11.Nxe4 Qf7 12.Bb2 g5 13.Qd2 Na6 14.h4 Bf5 15.Nc3 g4 16.Nh2 Nb4
17.Ne4 Nd3 18.Qxd3 Nxe4 19.Qe2 h5 20.d5 Bxb2 21.Qxb2 cxd5 22.cxd5 Nc5 23.Re3 Qf6
24.Qxf6 exf6 25.f3 Kf7 26.fxg4 hxg4 27.Rf1 Kg6 28.b4 Nd7 29.Re7 Ne5 30.Rxb7 Rfb8
31.h5+ Kg5 32.Rg7+ Kh6 33.Rc7 Kg5 34.Rg7+  1/2-1/2

[Event "St Ingbert op"]
[Site "St Ingbert"]
[Date "1990.??.??"]
[Round "3"]
[White "Polnarieva, Larisa"]
[Black "Legky, Nikolay A"]
[Result "1/2-1/2"]
[WhiteElo "2210"]
[BlackElo "2455"]

1.d4 f5 2.Nf3 Nf6 3.g3 g6 4.Bg2 Bg7 5.O-O O-O 6.c4 d6 7.Nc3 c6 8.d5 e5 9.dxe6 Bxe6
10.Bf4 Bxc4 11.Bxd6 Re8 12.Be5 Nbd7 13.Bd4 Qe7 14.Qc2 Nh5 15.Rfe1 f4 16.b3 Bf7
17.Bxg7 Kxg7 18.e3 fxg3 19.hxg3 Be6 20.Ne2 Qf6 21.Qc3 Qxc3 22.Nxc3 Rad8 23.Ne4 Bg4
24.Nh2 Ndf6 25.Nc5 Re7 26.Nxg4 Nxg4 27.Rad1 Rf8 28.Rd2 Ne5 29.Red1 Nf3+ 30.Bxf3 Rxf3
31.Rd7 Rff7 32.R7d6 h6 33.Ne6+ Kh7 34.Nd8 Rg7 35.Ne6 Rgf7 36.Nd8 Rf5 37.Rd7 Re5
38.Nxb7 Nf6 39.Rxe7+ Rxe7 40.Nc5 Nd5 41.Rd2 g5 42.e4 Nc3 43.a4 Re5 44.Nd7 Re7
45.f3 Kg7 46.Nb8 Rb7 47.Rd7+ Rxd7 48.Nxd7 Ne2+ 49.Kf2 Nc1 50.Nc5 h5 51.f4 Kg6
52.fxg5 Kxg5 53.e5 Na2 54.e6 Kf6 55.Kg2 Nc3 56.Kh3 Ke7 57.Kh4 Ne2 58.Kxh5  1/2-1/2

[Event "St Ingbert op"]
[Site "St Ingbert"]
[Date "1990.??.??"]
[Round "8"]
[White "Bukal, Vladimir Sr"]
[Black "Gross, Georg"]
[Result "1/2-1/2"]
[WhiteElo "2405"]
[BlackElo "2240"]

1.c4 f5 2.Nf3 Nf6 3.g3 g6 4.d4 Bg7 5.Bg2 O-O 6.O-O d6 7.Nc3 Qe8 8.b3 Na6
9.Bb2 e5 10.dxe5 dxe5 11.e4 c6 12.Ba3 Rf7 13.Qe2 f4 14.gxf4 Nh5 15.fxe5 Nf4
16.Qe3 Bh6 17.Kh1 Nxg2 18.Qxh6 Rxf3 19.Ne2 Rh3 20.Qg5 Nh4 21.f4 Nf3 22.Rxf3 Rxf3
23.Rd1 Bh3 24.Ng3 Qf7 25.f5 Nc7 26.Qh4 Bxf5 27.exf5 Re8 28.e6 Nxe6 29.fxe6 Qxe6
30.Qd4 Rxg3 31.hxg3 Qh3+ 32.Kg1 Qxg3+ 33.Kh1 Qh3+ 34.Kg1  1/2-1/2

[Event "Tatran Cup"]
[Site "Stary Smokovec"]
[Date "1990.??.??"]
[Round "3"]
[White "Fominyh, Alexander"]
[Black "Knezevic, Milorad"]
[Result "1-0"]
[WhiteElo "2530"]
[BlackElo "2445"]

1.d4 f5 2.g3 Nf6 3.Bg2 g6 4.Nf3 Bg7 5.O-O O-O 6.c4 d6 7.Nc3 e6 8.Qc2 Nc6
9.d5 Nb4 10.Qb3 Na6 11.dxe6 Nc5 12.Qc2 Bxe6 13.b3 c6 14.Bb2 a5 15.Ng5 Bd7
16.Rad1 Qe7 17.Qd2 Ne8 18.Nh3 a4 19.b4 a3 20.Nd5 cxd5 21.Bxg7 Kxg7 22.bxc5 dxc5
23.Bxd5 Nf6 24.Bxb7 Rab8 25.Bf3 Ba4 26.Rb1 Ne4 27.Qe3 Bc6 28.Nf4 Ra8 29.Rb6 Rfc8
30.Rfb1 Qe5 31.Nd5 Qd4 32.Qxd4+ cxd4 33.Ne7 Ba4 34.Nxc8 Rxc8 35.R1b4 Nc5
36.Rd6 d3 37.Rxd3 Nxd3 38.Rxa4 Ne1 39.Bd5 Nc2 40.e3 Rb8 41.c5 Rb1+ 42.Kg2 Ne1+
43.Kf1 Nd3+ 44.Ke2 Nxc5 45.Rxa3 Rb2+ 46.Kf1 Rd2 47.Bf3 g5 48.h3 f4 49.exf4 gxf4
50.Ke1 Rd4 51.Ke2 Rb4 52.Bg4 Rb2+ 53.Kf3 fxg3 54.fxg3 Kg6 55.Ke3 Rb4 56.Bf3 Kf6
57.Ra7 h6 58.Rh7 Kg6 59.Rc7 Rb5 60.Rc6+ Kg7 61.Kd4 Na4 62.Bd5 Rb1 63.Bb3 Nb2
64.Re6 Rg1 65.Re2  1-0

[Event "Tatran Cup"]
[Site "Stary Smokovec"]
[Date "1990.??.??"]
[Round "10"]
[White "Horvath, Jozsef"]
[Black "Salai, Ladislav"]
[Result "1-0"]
[WhiteElo "2540"]
[BlackElo "2450"]

1.d4 f5 2.g3 Nf6 3.Bg2 g6 4.Nf3 Bg7 5.O-O O-O 6.c4 d6 7.Nc3 Qe8 8.d5 Na6
9.Nd4 Bd7 10.e4 fxe4 11.Nxe4 Nxe4 12.Bxe4 Nc5 13.Bg2 a5 14.Bg5 Qf7 15.Qd2 Bxd4
16.Qxd4 e5 17.Qd2 Qf5 18.Bh6 Rf7 19.Rad1 Ne4 20.Qe3 Nf6 21.f3 Qc2 22.Qc1 Qa4
23.Rd3 Bf5 24.Rb3 b6 25.g4 Bd7 26.Rc3 Bc8 27.h3 Ba6 28.f4 Nd7 29.f5 Nf8 30.Be4 Qd7
31.Rcf3 b5 32.Qg5  1-0

[Event "Rilton Cup"]
[Site "Stockholm"]
[Date "1990.??.??"]
[Round "8"]
[White "Pyhala, Antti"]
[Black "Carlhammar, Magnus"]
[Result "1/2-1/2"]
[WhiteElo "2395"]
[BlackElo "2260"]

1.d4 f5 2.Nf3 Nf6 3.g3 g6 4.Bg2 Bg7 5.O-O O-O 6.c4 d6 7.Nc3 c6 8.d5 Bd7 9.Nd4 Qb6
10.Nb3 a5 11.c5 dxc5 12.Na4 Qd8 13.Naxc5 Bc8 14.Nd4 Nxd5 15.Nde6 Qd6 16.Bxd5 Qxd5
17.Qxd5 cxd5 18.Nxf8 Kxf8 19.Rd1 d4 20.e3 Nc6 21.exd4 Nxd4 22.Be3 Nf3+ 23.Kg2 Ne5
24.Bd4 b6 25.Bxe5 Bxe5 26.Nd7+ Bxd7 27.Rxd7 a4 28.Re1 Ra5 29.Re2 Bd6 30.Rb7 Bc5
31.h4 h5 32.Kf3 Kf7 33.Rd2 Rb5 34.Ke2 Rb4 35.Kd1 f4 36.Rbd7 Kf6 37.a3 fxg3
38.fxg3 Rg4 39.R7d3 e5 40.Rf3+ Ke6 41.b4 Bd4 42.Rg2 g5 43.hxg5 h4 44.Rh2 hxg3
45.Rg2 Bf2 46.Ke2 Re4+ 47.Kd3 Rd4+ 48.Ke2 Rd7 49.Rfxg3 Bxg3 50.Rxg3 Kf5 51.Ke3 e4
52.g6 Rd3+ 53.Kf2 Rxg3 54.Kxg3 Kxg6 55.Kf4 Kf6 56.Kxe4 Ke6 57.Kd4 Kd6 58.Kc4 Kc6
59.b5+ Kd6 60.Kd4 Ke6 61.Ke4 Kd6 62.Kd4 Ke6 63.Kc4 Ke5 64.Kb4 Kd5 65.Kxa4 Kc4  1/2-1/2

[Event "Tarrassa"]
[Site "Tarrassa"]
[Date "1990.??.??"]
[Round "1"]
[White "Cramling, Pia"]
[Black "Pomes Marcet, Juan"]
[Result "0-1"]
[WhiteElo "2470"]
[BlackElo "2420"]

1.d4 f5 2.g3 Nf6 3.Bg2 g6 4.Nf3 Bg7 5.O-O O-O 6.c4 d6 7.Nc3 Nc6 8.d5 Ne5
9.Nxe5 dxe5 10.b4 e4 11.Qb3 e6 12.Rd1 Qe7 13.Bf4 e5 14.Be3 Qf7 15.Bc5 Re8
16.b5 b6 17.Ba3 e3 18.fxe3 e4 19.Rac1 h5 20.Nb1 Nd7 21.Nd2 Nc5 22.Qc2 Bf8
23.Bb2 Bd6 24.Nb3 Bd7 25.Nd4 a6 26.a4 axb5 27.axb5 Na4 28.Ba1 Qe7 29.Kf2 h4
30.Rg1 hxg3+ 31.hxg3 Qg5 32.Bh1 Re7 33.Rg2 Rh7 34.Rcg1 Rh3 35.Qd1 Nc5 36.Bb2 Re8
37.Qb1 Qh6 38.Nc6 Bxc6 39.bxc6 Kf7 40.Qc1 g5 41.Qf1 Kg6 42.Qa1 Qh5 43.Bg7 Nd3+
44.exd3 Qf3+ 45.Ke1 Bb4+ 46.Rd2 Rxh1 47.Qf6+ Kh7 48.Rxh1+ Qxh1+ 49.Kf2 Bxd2
50.Qxf5+ Kg8 51.Bf6 Bxe3+ 52.Kxe3 exd3+ 53.Kd4 Qa1+  0-1

[Event "Toulouse op"]
[Site "Toulouse"]
[Date "1990.??.??"]
[Round "5"]
[White "Neidhardt, Claus Ulrich"]
[Black "Santo Roman, Marc"]
[Result "0-1"]
[WhiteElo "2305"]
[BlackElo "2380"]

1.d4 f5 2.Nf3 Nf6 3.g3 g6 4.Bg2 Bg7 5.O-O O-O 6.c4 d6 7.Nc3 Nc6 8.d5 Ne5
9.Nxe5 dxe5 10.Qb3 a5 11.c5 Kh8 12.Qc4 Ra6 13.Rd1 h6 14.b3 e4 15.Bf4 Ng4
16.f3 Ne5 17.Bxe5 Bxe5 18.f4 Bg7 19.Rac1 e6 20.e3 Qe7 21.Bf1 Rd8 22.Kf2 Ra8
23.Rc2 exd5 24.Nxd5 Qf7 25.Nb6 Be6 26.Nxa8 Rxd1 27.Qb5 g5 28.Be2 Ra1 29.Nxc7 gxf4
30.gxf4 Bd7 31.Qxb7 Qg6 32.Bf1 Qg4 33.Qa6 Qf3+ 34.Kg1 Qxe3+ 35.Rf2 Qxc5 36.Ne6 Bxe6
37.Qxe6 Rxa2  0-1

[Event "Toulouse op"]
[Site "Toulouse"]
[Date "1990.??.??"]
[Round "7"]
[White "Kolev, Atanas"]
[Black "Santo Roman, Marc"]
[Result "1/2-1/2"]
[WhiteElo "2425"]
[BlackElo "2380"]

1.d4 f5 2.g3 Nf6 3.Bg2 g6 4.Nf3 Bg7 5.O-O O-O 6.c4 d6 7.Nc3 Qe8 8.d5 Na6
9.Rb1 Bd7 10.b3 c6 11.Bb2 Rc8 12.Re1 Nc5 13.h3 h6 14.Nd2 Qf7 15.Rf1 a5 16.a3 cxd5
17.Nxd5 Nxd5 18.Bxd5 Be6 19.Bxg7 Kxg7 20.Bg2 Rc7 21.Qc2 Qf6 22.Rbc1 Rfc8
23.Qb1 a4 24.b4 Nb3 25.Nxb3 axb3 26.Qxb3 Qe5 27.Qc3 Qxc3 28.Rxc3 b5 29.c5 dxc5
30.bxc5 Rxc5 31.Rxc5 Rxc5 32.Rb1 Kf6 33.e3 Rc3 34.Rxb5 Rxa3 35.Rb6 Ra1+ 36.Kh2 Kf7
37.g4 fxg4 38.Be4 g5 39.hxg4 Ra4 40.Bg6+ Kxg6 41.Rxe6+ Kf7 42.Rxh6 Rxg4 43.f3 Ra4
44.Kg3 Rb4 45.e4 Rb1 46.Kg4 Rg1+ 47.Kf5 Rg3 48.Rh7+ Kf8 49.Kg6 Ke8 50.Rh8+ Kd7
51.Rf8 e5 52.Rf6 Ke7 53.Rf5 Ke6 54.Rf6+ Ke7 55.Rf5 Ke6 56.Rf6+ Ke7  1/2-1/2

[Event "Val Maubuee op"]
[Site "Val Maubuee"]
[Date "1990.??.??"]
[Round "?"]
[White "Shirov, Alexei"]
[Black "Kontic, Vladimir"]
[Result "1-0"]
[WhiteElo "2500"]
[BlackElo "2370"]

1.Nf3 f5 2.g3 Nf6 3.Bg2 g6 4.O-O Bg7 5.d4 O-O 6.c4 d6 7.Nc3 Nc6 8.b3 e5 9.dxe5 dxe5
10.Ba3 Re8 11.Qxd8 Rxd8 12.e4 fxe4 13.Ng5 Nd4 14.Ncxe4 Nxe4 15.Bxe4 Bf6 16.h4 Kg7
17.Kg2 c6 18.Rae1 h6 19.Nh3 Bf5 20.Bb2 Re8 21.Bxf5 Nxf5 22.Re2 Re7 23.Rfe1 Rae8
24.f3 Nd4 25.Re4 Nc2 26.R1e2 Nd4 27.Rd2 Nf5 28.Nf2 h5 29.Ba3 Rf7 30.Bb2 Rfe7
31.Bc3 c5 32.Rd5 b6 33.Nd3 Nd4 34.Kf2 Kf7 35.b4 cxb4 36.Bxb4 Rc7 37.c5 bxc5
38.Bxc5 Rxc5  1-0

[Event "Voskresensk"]
[Site "Voskresensk"]
[Date "1990.??.??"]
[Round "?"]
[White "Neverov, Valeriy"]
[Black "Vasiukov, Evgeni"]
[Result "1-0"]
[WhiteElo "2505"]
[BlackElo "2545"]

1.d4 f5 2.g3 Nf6 3.Bg2 g6 4.Nf3 Bg7 5.O-O O-O 6.c4 d6 7.Nc3 Qe8 8.Re1 Qf7
9.Qd3 h6 10.b3 Nc6 11.Ba3 a5 12.Nb5 Ne8 13.Rad1 Nb4 14.Qb1 c6 15.Nc3 e5 16.dxe5 dxe5
17.Bb2 e4 18.Nd4 Nf6 19.f3 e3 20.a3 Na6 21.Qc1 Re8 22.Rd3 Nc5 23.Rxe3 a4
24.b4 Qxc4 25.bxc5 Qxd4 26.Ne4 Nd5 27.Bxd4 Bxd4 28.Qc4 Bxe3+ 29.Kh1 Be6 30.Nd6 Reb8
31.Rd1 Ra5 32.Rxd5 Rxc5 33.Qxc5 Bxc5 34.Rxc5 Rd8 35.Nxb7 Rd1+ 36.Bf1 Rxf1+
37.Kg2 Re1 38.Kf2 Rh1 39.Kg2 Re1 40.Kf2 Rh1 41.h4 Bd5 42.Nd8 Ra1 43.Nxc6 Bxc6
44.Rxc6 Kg7 45.h5 gxh5 46.Ke3 Rxa3+ 47.Kf4 Ra2 48.e3 h4 49.gxh4 Rh2 50.Kxf5 Rxh4
51.Rc7+ Kg8 52.f4 Rh3 53.e4 a3 54.e5 Rf3 55.Ra7 h5 56.Kg5 Rg3+ 57.Kxh5 Rg2
58.Rxa3 Kf7 59.Ra6 Rg1 60.Rf6+ Ke7 61.Rg6  1-0

[Event "Voskresensk"]
[Site "Voskresensk"]
[Date "1990.??.??"]
[Round "?"]
[White "Mohr, Georg"]
[Black "Vasiukov, Evgeni"]
[Result "1/2-1/2"]
[WhiteElo "2450"]
[BlackElo "2545"]

1.c4 f5 2.d4 Nf6 3.g3 g6 4.Bg2 Bg7 5.Nf3 O-O 6.O-O d6 7.d5 Na6 8.Nc3 Qe8
9.Rb1 Nc5 10.Nd4 a5 11.b3 Bd7 12.Ba3 c6 13.Bxc5 dxc5 14.Ne6 Bxe6 15.dxe6 Qb8
16.Na4 Qe5 17.Qd2 Rfd8 18.Qf4 Qxf4 19.gxf4 Rd2 20.e3 Rxa2 21.Nxc5 Rb8 22.h3 Ne8
23.Rbd1 Nd6 24.Nd7 Re8 25.Rd3 Rc2 26.Rfd1 Bc3 27.Ne5 Bb4 28.Bf3 Kg7 29.Nd7 Rc8
30.Ra1 Rb2 31.Nb6 Rg8 32.Na4 Rc2 33.Bd1 Rd2 34.Rxd2 Bxd2 35.c5 Ne4 36.Bf3 Nf6
37.Rd1 Bb4 38.Kf1 Rb8 39.Kg2 Kf8 40.h4 Kg7 41.Kh3 Ba3 42.Ra1 Bb4 43.Rd1 Kh6
44.Kg2 Kg7 45.Kh3  1/2-1/2